000 00898cam a2200241 i 4500
003 SA-RiAUC
005 20250901081806.0
008 250830s1988 ua g 00010bara c
040 _aSA-RiAUC
_bara
_cSA-RiAUC
_erda
082 0 4 _a928.1
090 _a928.1
_bد ي ب
100 1 _aديب، السيد محمد.
_eمؤلف.
245 1 0 _aياقوت الحموي :
_bأدبيا وناقدا /
_cالسيد محمد ديب.
250 _aالطبعة الأولى.
264 1 _aالقاهرة :
_bدار الطباعة المحمدية،
_c1988
300 _a475 صفحة ؛
_c24 سم
336 _aنص
_btxt
_2rdacontent
_3كتاب
337 _aبدون وسيط
_bn
_2rdamedia
338 _aمجلد
_bnc
_2rdacarrier
600 1 7 _aياقوت الحموي، ياقوت بن عبد الله،
_d574-626 هجري
_2aucnm
942 _2ddc
_cBOOK
_n0
949 _aSA-JeALM
_d250830
_umohamedma123
_n1
999 _c11335
_d11335